000 00623nam a2200205 u 4500
005 20240419063745.0
008 111110s2005 ch r 000 0 spa d
020 _a9561315629
035 _aUPN01000182486
049 _aI
050 4 _aPQ8097 S5.4
_bC8.3 2005
100 1 _aSilva Ossa, María,
_d1918-2009
_932018
245 1 0 _aCuentos de hadas y hechiceros /
_cMaría Silva Ossa ; il. Gabriela Reyes.
250 _a4a ed.
260 _aSantiago de Chile :
_bAndres Bello,
_c2005.
300 _a103 p. :
_bil.
650 4 _aCUENTOS INFANTILES CHILENOS
_911282
650 0 _aCuentos de hadas
_95259
905 _aInfantil
999 _c154589
_d154589